000 00508nam a22001817a 4500
003 CEME
005 20210628202328.0
008 210302b xxu||||| |||| 00| 0 eng d
020 _a0-8031-2055-9
040 _c.
082 _a621.31937 ELE
100 _aBartnikas, R
_959367
245 _aElectrical insulating liquids, engineering dielectrics v-iii
260 _aUSA
_bASTM
_c1994
300 _aIII,462P
650 _aELECTRIC INSULATORS AND INSULATION-LIQUIDS; DIELECTRICS
_959368
942 _cBK
_2ddc
999 _c569372
_d569372